[Event "ch-EUR Women Blitz 2019"]
[Site "Monaco MNC"]
[Date "2019.11.29"]
[Round "3.1"]
[White "Chiburdanidze,M"]
[Black "Bulmaga,I"]
[Result "1-0"]
[WhiteElo "2500"]
[BlackElo "2435"]

1.d4 Nf6 2.Nf3 e6 3.e3 b6 4.b3 Bb7 5.Bb2 d5 6.a3 Nbd7 7.Bd3 Bd6 8.Nbd2 O-O
9.O-O Ne4 10.Qe2 a6 11.c4 f5 12.Rfc1 Qf6 13.Rc2 Qh6 14.Rac1 Nxd2 15.Qxd2 dxc4
16.Bxc4 Be4 17.Ne5 Rad8 18.f4 Bxe5 19.fxe5 Nxe5 20.Rc3 c5 21.Qe2 b5 22.dxe5 bxc4
23.bxc4 Rd7 24.Rb3 Rfd8 25.Re1 Rd2 26.Rb8 Rxb8 27.Qxd2 Rf8 28.Bc3 Qg6 29.Rc1  1-0

[Event "ch-EUR Women Blitz 2019"]
[Site "Monaco MNC"]
[Date "2019.11.29"]
[Round "6.4"]
[White "Kashlinskaya,A"]
[Black "Chiburdanidze,M"]
[Result "1-0"]
[WhiteElo "2486"]
[BlackElo "2500"]

1.d4 e6 2.c4 d5 3.Nc3 c6 4.e4 dxe4 5.Nxe4 Bb4+ 6.Bd2 Bxd2+ 7.Qxd2 Nf6 8.Nxf6+ Qxf6
9.Nf3 O-O 10.Bd3 Rd8 11.O-O-O Nd7 12.h4 Nf8 13.Kb1 Bd7 14.Qe3 Be8 15.Ne5 b6
16.g4 Rac8 17.g5 Qe7 18.h5 c5 19.dxc5 Qxc5 20.Qe2 Rd4 21.h6 g6 22.Qe3 Rcd8
23.Rhe1 Nd7 24.Nf3 Rg4 25.Qxc5 Nxc5 26.Be2 Rxd1+ 27.Rxd1 Kf8 28.Rd8 Re4 29.Bd1 Rxc4
30.a3 Ke7 31.Ra8 a5 32.Bc2 Rf4 33.Ne5 Rxf2 34.b4 axb4 35.axb4 Nd7 36.Nc6+ Kf8
37.Ba4 f5 38.Nd4 Ke7 39.Nxe6 Bf7 40.Nc7 Ne5 41.Bc2 Rf1+ 42.Kb2 Nc4+ 43.Kc3 Rf3+
44.Kd4 Rf4+ 45.Kc3 Nd6 46.Ra7 Rc4+ 47.Kd3 Kf8 48.Bb3 Rxb4 49.Bxf7 Nxf7 50.Ne6+ Ke8
51.Ra8+ Ke7 52.Nc7 Nxg5 53.Nd5+ Kd6 54.Nxb4 Nf3 55.Ke3 Ne5 56.Rh8 Ng4+ 57.Kd4 Nxh6
58.Rxh7 Ng4 59.Rg7 Ne5 60.Nd3 Nc6+ 61.Ke3 Ne7 62.Nf4 Ke5 63.Rxe7+  1-0

[Event "ch-EUR Women Blitz 2019"]
[Site "Monaco MNC"]
[Date "2019.11.29"]
[Round "8.8"]
[White "Zhukova,N"]
[Black "Chiburdanidze,M"]
[Result "1-0"]
[WhiteElo "2323"]
[BlackElo "2500"]

1.c4 e6 2.Nc3 d5 3.d4 f5 4.Bf4 c6 5.e3 Nf6 6.Nf3 Be7 7.Bd3 O-O 8.Qc2 Ne4
9.g4 Na6 10.a3 g5 11.Be5 dxc4 12.Bxe4 fxe4 13.Qxe4 Qe8 14.h4 gxh4 15.Nxh4 Qf7
16.O-O-O b5 17.f4 b4 18.Nb1 c3 19.a4 cxb2+ 20.Kxb2 c5 21.g5 c4 22.g6 c3+
23.Kb3  1-0

[Event "ch-EUR Women Blitz 2019"]
[Site "Monaco MNC"]
[Date "2019.11.29"]
[Round "9.14"]
[White "Chiburdanidze,M"]
[Black "Zaksaite,S"]
[Result "1-0"]
[WhiteElo "2500"]
[BlackElo "2202"]

1.d4 Nf6 2.Nf3 g6 3.c4 Bg7 4.g3 d5 5.cxd5 Nxd5 6.Bg2 Nc6 7.O-O Nb6 8.e3 O-O
9.Bd2 e5 10.dxe5 Nc4 11.Bc3 Qxd1 12.Rxd1 N4xe5 13.Nxe5 Nxe5 14.h3 c6 15.Nd2 Be6
16.Ne4 Rad8 17.Bb4 Rxd1+ 18.Rxd1 Rb8 19.b3 Bd5 20.Be7 f5 21.Nc5 Bxg2 22.Kxg2 Kf7
23.Bd6 Re8 24.Nxb7 h6 25.Bc5  1-0

[Event "ch-EUR Women Blitz 2019"]
[Site "Monaco MNC"]
[Date "2019.11.29"]
[Round "10.9"]
[White "Osmak,Iulija"]
[Black "Chiburdanidze,M"]
[Result "1-0"]
[WhiteElo "2401"]
[BlackElo "2500"]

1.b4 e5 2.Bb2 d6 3.e3 Nf6 4.Nf3 Be7 5.Be2 O-O 6.d4 e4 7.Nfd2 d5 8.b5 a6 9.a4 axb5
10.axb5 Rxa1 11.Bxa1 c5 12.c4 dxc4 13.Nxc4 Be6 14.O-O Nbd7 15.Nbd2 b6 16.Qc2 Qa8
17.Bb2 Rd8 18.Ra1 Qb7 19.h3 Ra8 20.Rxa8+ Qxa8 21.dxc5 Bxc5 22.Nb3 Bf8 23.Nd4 Bd5
24.Nf5 Qc8 25.Bd4 g6 26.Ng3 Qc7 27.Qb3 Bc5 28.Bb2 h5 29.Qa4 Kh7 30.Nd2 Bxe3
31.Ngxe4 Nxe4 32.Nxe4 Bc1 33.Ba1 Bf4 34.Nc3 Nc5 35.Qd4 Nb3 36.Qxd5 Nxa1 37.Bc4 Kg7
38.Ne4 Nc2 39.g3 Be5 40.Kg2 Na3 41.Be2 Nc2 42.Bf3 Nd4 43.Nd2  1-0

[Event "ch-EUR Women Blitz 2019"]
[Site "Monaco MNC"]
[Date "2019.11.29"]
[Round "11.15"]
[White "Skuhala,B"]
[Black "Chiburdanidze,M"]
[Result "0-1"]
[WhiteElo "2109"]
[BlackElo "2500"]

1.e4 e6 2.d4 d5 3.Nc3 dxe4 4.Nxe4 Nd7 5.Nf3 Ngf6 6.Ng3 Be7 7.c3 O-O 8.Bd3 b6
9.O-O Bb7 10.Re1 c5 11.Qe2 Qc7 12.Be3 a6 13.Rac1 b5 14.c4 b4 15.b3 Rfe8 16.Bb1  0-1

[Event "ch-EUR Women Blitz 2019"]
[Site "Monaco MNC"]
[Date "2019.11.29"]
[Round "13.15"]
[White "Janzelj,Lara"]
[Black "Chiburdanidze,M"]
[Result "0-1"]
[WhiteElo "2158"]
[BlackElo "2500"]

1.d4 d5 2.c4 c6 3.cxd5 cxd5 4.Bg5 Qb6 5.Nc3 e6 6.Qd2 Nc6 7.e3 Be7 8.Bxe7 Ngxe7
9.Bd3 Bd7 10.a3 Na5 11.Qc2 Qb3 12.Nf3 Qxc2 13.Bxc2 Rc8 14.Nd2 Rc7 15.Bd3 Nc8
16.b4 Rxc3 17.Ke2 Nb3 18.Nxb3 Rxb3 19.Kd2 Rb2+ 20.Kc3 Rxf2  0-1

[Event "ch-EUR Women Rapid 2019"]
[Site "Monaco MNC"]
[Date "2019.11.30"]
[Round "3.16"]
[White "Chiburdanidze,M"]
[Black "Unuk,Laura"]
[Result "1-0"]
[WhiteElo "2500"]
[BlackElo "2298"]

1.d4 Nf6 2.Nf3 e6 3.c4 b6 4.e3 Bb7 5.Bd3 Be7 6.Nbd2 d5 7.O-O O-O 8.b3 c5
9.Bb2 cxd4 10.exd4 Nc6 11.Rc1 Rc8 12.Qe2 a5 13.a3 h6 14.Rfd1 Nh5 15.g3 Nf6
16.Ne5 dxc4 17.Ndxc4 b5 18.Ne3 Nxd4 19.Qf1 Rxc1 20.Rxc1 Nxb3 21.Rd1 Qc7 22.Bxb5 Ba8
23.Qd3 Nc5 24.Qc2 Qb6 25.a4 Be4 26.Qc3 Rb8 27.N3c4 Qc7 28.Qxa5 Qxa5 29.Nxa5 Nxa4
30.Bxa4 Rxb2 31.Nac4 Rb4 32.Ra1 Bd5 33.Ne3 Bb7 34.Bc6 Rb6 35.Bxb7 Rxb7 36.Ra8+ Kh7
37.Nxf7 Bc5 38.Rh8+ Kg6 39.Ne5+ Kh5 40.N5c4 Bxe3 41.Nxe3 Ng4 42.Nf1 Rb1 43.Kg2 Rb2
44.Rf8 Nf6 45.h3 Kg6 46.Ne3 Ra2 47.Nc4 Kf5 48.g4+ Kg6 49.Ne5+ Kh7 50.Kg3 Ne4+
51.Kg2 Nf6 52.Rf7 Ra5 53.Nf3 e5 54.Re7 e4 55.Nh4 Kg8 56.Nf5 Kf8 57.Rb7 h5
58.Ne3 hxg4 59.hxg4 Nd5 60.Nf5 Nf6 61.Ne3 Nd5 62.Nc4 Ra2 63.Kg3 Rc2 64.Nd6 e3
65.Rb8+ Ke7 66.Nf5+ Kf7 67.fxe3 g6 68.Nd6+ Ke7 69.e4 Kxd6 70.Rd8+ Ke5 71.exd5 Rd2
72.Kh4 Kf6 73.Rd6+ Ke7 74.Rxg6 Rxd5 75.Rg5 Rd6 76.Rf5 Rf6 77.Rxf6 Kxf6 78.Kh5 Kf7
79.Kh6 Kg8 80.Kg6 Kh8 81.Kf7 Kh7 82.g5 Kh8 83.Kg6 Kg8 84.Kh6 Kh8 85.g6 Kg8
86.g7  1-0

[Event "ch-EUR Women Rapid 2019"]
[Site "Monaco MNC"]
[Date "2019.11.30"]
[Round "4.10"]
[White "Leconte,M"]
[Black "Chiburdanidze,M"]
[Result "1/2-1/2"]
[WhiteElo "2255"]
[BlackElo "2500"]

1.e4 e6 2.d4 d5 3.Nc3 dxe4 4.Nxe4 Nd7 5.Nf3 Ngf6 6.Nxf6+ Nxf6 7.Bd3 c5 8.O-O a6
9.Re1 cxd4 10.Nxd4 Bc5 11.Be3 Qc7 12.Nf5 O-O 13.Bxc5 Qxc5 14.Ne3 e5 15.Qf3 Re8
16.Qg3 e4 17.Be2 Be6 18.Rad1 Qb4 19.b3 Qa3 20.Bc4 Bxc4 21.Nxc4 Qc5 22.Rd6 b5
23.Rxf6 bxc4 24.Rf4 cxb3 25.Qxb3 Qh5 26.h3 Rac8 27.Rfxe4 Red8 28.c4 h6 29.Qb6 a5
30.Re5 Qh4 31.c5 Qd4 32.R5e4 Qc3 33.R4e3 Qxc5 34.Re8+ Rxe8 35.Rxe8+ Kh7 36.Qxc5 Rxc5
37.Ra8 Rc1+ 38.Kh2 Rc2 39.Rxa5 Rxf2 40.Kg3 Rb2 41.Ra6 f6 42.Ra7 Kg6 43.h4 h5
44.Ra4 Kh6 45.Kh3 g5 46.hxg5+ Kxg5 47.Kg3  1/2-1/2